| 000 | 01355nam a22003257a 4500 | ||
|---|---|---|---|
| 005 | 20140409124836.0 | ||
| 008 | 140409s2002 ck ad gr|||| 000|0 spa d | ||
| 020 | _a9589697291 | ||
| 041 | 0 | _aspa | |
| 044 | _ack | ||
| 082 | 0 | 4 |
_a570.72 _bM52a |
| 100 | 1 |
_aMelgarejo, Luz Marina _913451 |
|
| 245 | 1 | 0 |
_aAproximación al estado actual de la bioprospección en Colombia _cMinisterio del Medio Ambiente, Instituto de Investigaciones Marinas y Costeras, Universidad Nacional, Luz Marina Melgarejo, Jimena Sánchez, Alejandro Chaparro, Federico Newmark, Marisol Santos-Acevedo, Consuelo Burbano, Carmen Reyes |
| 260 | 3 |
_aBogotá _bINVEMAR _c2002 |
|
| 300 |
_a334 p. _bil., tablas, gráficas _c28 cm |
||
| 650 | 2 | 4 |
_aEcología marina _zColombia _923639 |
| 650 | 2 | 4 |
_aBioprospección _923640 |
| 650 | 2 | 4 |
_aEcología vegetal _zColombia _923641 |
| 650 | 2 | 4 |
_aConservación de la diversidad biológica _zColombia _923642 |
| 700 | 1 |
_aSánchez, Jimena _923643 |
|
| 700 | 1 |
_aChaparro, Alejandro _920194 |
|
| 700 | 1 |
_aNewmark, Federico _923644 |
|
| 700 | 1 |
_aSantos-Acevedo, Marisol _915765 |
|
| 700 | 1 |
_aBurbano, Consuelo _920196 |
|
| 700 | 1 |
_aReyes, Carmen _916233 |
|
| 710 | 1 |
_aColombia _bMinisterio del Medio Ambiente _923645 |
|
| 710 | 2 |
_aInstituto de Investigaciones Marinas y Costeras _919933 |
|
| 710 | 2 |
_aUniversidad Nacional _923646 |
|
| 942 |
_2ddc _cImpreso |
||
| 999 |
_c8384 _d8384 |
||